Premier League Stadiums - Statistics

General Stats
  • This quiz has been taken 169 times
    72 since last reset
  • The average score is 14 of 20
Answer Stats
Team Capacity Stadium Name % Correct
Liverpool 61,276 Anfield
94%
Arsenal 60,704 Emirates Stadium
93%
Manchester United 74,197 Old Trafford
91%
Chelsea 40,173 Stamford Bridge
89%
Manchester City 52,900 Etihad Stadium
85%
Aston Villa 42,918 Villa Park
85%
Tottenham Hotspur 62,850 Tottenham Hotspur Stadium
80%
West Ham United 62,500 London Stadium
76%
Newcastle United 52,258 St. James' Park
76%
Fulham 29,589 Craven Cottage
70%
Sunderland 49,000 Stadium of Light
67%
Burnley 21,944 Turf Moor
65%
Crystal Palace 25,194 Selhurst Park
61%
Brighton & Hove Albion 31,876 Falmer Stadium
59%
Bournemouth 11,307 Dean Court
57%
Wolverhampton Wanderers 31,750 Molineux Stadium
56%
Nottingham Forest 30,404 City Ground
54%
Leeds United 37,645 Elland Road
54%
Everton 52,769 Everton Stadium
54%
Brentford 17,250 Gtech Community Stadium
50%
No matching quizzes found
Score Distribution
Percent of People with Each Score
Percentile by Number Answered
Your Score History
You have not taken this quiz since the last reset